Statistics for Most Populous Slavic Cities (with a map)

Click here to take the quiz!

General Stats

  • This quiz has been taken 74 times
  • The average score is 11 of 12

Answers on the Map

Answers color-coded by a green-red scale on the quiz's map according to % correct below.
 

Answer Stats

City% Correct
Kiev
100%
Minsk
100%
Prague
100%
Sofia
100%
St. Petersburg
100%
Warsaw
100%
Moscow
98%
Belgrade
97%
Odessa
97%
Kharkiv
85%
Rostov
77%
Voronezh
58%

Score Distribution

Percentile by Number Answered

Percent of People with Each Score

Your Score History

You have not taken this quiz